Regulating housing associations' management of financial risk. (Record no. 101376)

MARC details
000 -LEADER
fixed length control field 00732cam a2200229 4500
008 - FIXED-LENGTH DATA ELEMENTS--GENERAL INFORMATION
fixed length control field 000000n2001 000 0 eng u
020 ## - INTERNATIONAL STANDARD BOOK NUMBER
International Standard Book Number 0102883017
035 ## - SYSTEM CONTROL NUMBER
System control number (Sirsi) u112219
050 ## - LIBRARY OF CONGRESS CALL NUMBER
Classification number 306.52
110 ## - MAIN ENTRY--CORPORATE NAME
Corporate name or jurisdiction name as entry element United Kingdom
Subordinate unit National Audit Office
9 (RLIN) 1350
245 ## - TITLE STATEMENT
Title Regulating housing associations' management of financial risk.
260 ## - PUBLICATION, DISTRIBUTION, ETC.
Place of publication, distribution, etc. London
Name of publisher, distributor, etc. Stationery Office
Date of publication, distribution, etc. 2001
300 ## - PHYSICAL DESCRIPTION
Extent 53p. ; 30cm.
350 ## - PRICE (NR) (BK AM CF MU VM SE) [OBSOLETE]
Price 9.00
490 ## - SERIES STATEMENT
Series statement HCP
Volume/sequential designation 399
520 ## - SUMMARY, ETC.
Summary, etc. Report bt the Comptroller and Auditor General HC399 Session 2000-2001: 19 April 2001.
650 ## - SUBJECT ADDED ENTRY--TOPICAL TERM
Topical term or geographic name entry element HOUSING ASSOCIATIONS
650 ## - SUBJECT ADDED ENTRY--TOPICAL TERM
Topical term or geographic name entry element REGISTERED SOCIAL LANDLORDS
650 ## - SUBJECT ADDED ENTRY--TOPICAL TERM
Topical term or geographic name entry element HOUSING CORPORATION
690 ## - LOCAL SUBJECT ADDED ENTRY--TOPICAL TERM (OCLC, RLIN)
Topical term or geographic name as entry element Affordable housing
9 (RLIN) 6215
942 ## - ADDED ENTRY ELEMENTS (KOHA)
Suppress in OPAC 0
Holdings
Withdrawn status Lost status Source of classification or shelving scheme Damaged status Not for loan Home library Current library Shelving location Date acquired Cost, normal purchase price Total Checkouts Full call number Barcode Date last seen Copy number Cost, replacement price Price effective from Koha item type
    Dewey Decimal Classification     London London Folio 09/05/2001 9.00   F306.52 NAT 30064369 06/08/2019 1 9.00 06/08/2019 Book